| 000 | 01215nam a2200265Ia 4500 | ||
|---|---|---|---|
| 003 | GCL | ||
| 008 | 140319s9999 xx 000 0 ara d | ||
| 040 |
_aGCL / _cGCL |
||
| 082 | 0 | 4 |
_aق _b962 _bت ص |
| 100 | 1 | _aتوفيق حامد المرعشلى | |
| 245 | 1 | 0 |
_aصفحات فى تاريخ مصر / _cتوفيق حامد المرعشلى |
| 260 |
_aالقاهرة : _bمطبعة مصر شركة مساهمة مصرية ، _c1929 |
||
| 300 |
_a240 ص ؛ _c22 سم |
||
| 650 | 0 | 4 | _aالاستقلال والحكم الملكى (1923) |
| 650 | 0 | 4 | _aالعصر القديم |
| 650 | 0 | 4 | _aمصر - تاريخ |
| 650 | 0 | 4 | _aمصر - تاريخ - العصر الاسلامى |
| 650 | 0 | 4 | _aمصر - تاريخ - العصر الحديث - الاحتلال البريطانى |
| 650 | 0 | 4 | _aالدولةالحديثة - عصر محمد على |
| 650 | 0 | 4 | _aمصر - تاريخ - العصر الحديث - الخديوى توفيق ( 1879-1892 م ) |
| 650 | 0 | 4 | _aمصر - تاريخ - الحملة الفرنسية (1798-1801م) |
| 650 | 0 | 4 | _aمصر - تاريخ - العصر الحديث - عصر اسماعيل ( 1863-1879 م ) |
| 650 | 0 | 4 | _aمصر - تاريخ - العصر الحديث |
| 942 |
_2ddc _cBK |
||
| 999 |
_c58513 _d58513 |
||